Country chain #2 - Statistics

General Stats
  • This quiz has been taken 35 times
  • The average score is 16 of 20
Answer Stats
Hint Country % Correct
Was ruled by Saddam Hussein Iraq
97%
Also known as Holland Netherlands
97%
The only country that starts with this letter Oman
97%
Sandwiched between Lithuania and Estonia Latvia
93%
Shares Mount Everest with China Nepal
93%
Has a flag similar to Australia New Zealand
93%
Host of the World Cup in 2022 Qatar
93%
Go south from Saudi Arabia to get there Yemen
93%
Small country north of Burundi Rwanda
90%
Borders the Mediterranean and the Red Sea Egypt
86%
Gained independence from Indonesia in 2002 Timor-Leste
86%
Invaded by the USSR in 1979 Afghanistan
79%
Lake Assal, the lowest point in Africa is located there Djibouti
79%
Borders 5 countries, including Ukraine and Serbia Romania
76%
Winner of the event mentioned 2 hints above Argentina
72%
Borders the Caspian Sea Azerbaijan
72%
Niamey is its capital Niger
72%
Oldest republic in the world San Marino
59%
Richest country in Africa Seychelles
59%
Father Christmas comes from there Turkey
48%
No matching quizzes found
Score Distribution
Percent of People with Each Score
Percentile by Number Answered
Your Score History
You have not taken this quiz